Cultura general de fútbol español - Estadísticas

Estadísticas generales
  • Esta prueba ha sido intentada 7.189 veces
  • La puntuación promedio es 12 de 20
Estadísticas de respuestas
Pregunta Respuesta % Correcto
¿Cuáles son los dos clubes más exitosos en la historia de España? F. C. Barcelona
100%
¿Cuáles son los dos clubes más exitosos en la historia de España? Real Madrid
100%
¿Cuántos clubes juegan cada año en la Primera División? 20
98%
¿Quién hizo el gol que le dio a España el Mundial en 2010? Andrés Iniesta
98%
¿Cómo se llama la rivalidad entre estos clubes? El Clásico
96%
¿En qué años hubo un enfrentamiento madrileño en el final de la Champions? 2014
89%
¿En qué años hubo un enfrentamiento madrileño en el final de la Champions? 2016
89%
¿Qué estadio tiene el aforo más grande de toda Europa? Camp Nou
89%
¿Quién es el jugador con más Trofeos Pichichi? Lionel Messi
76%
¿Quién es el jugador español con más amonestaciones y más tarjetas amarillas en la Champions? Sergio Ramos
73%
Y ¿cómo se llama actualmente? Supercopa
64%
¿Qué sinónimo de fútbol es un calco del inglés "football"? Balompié
54%
¿Qué comparten Alberola Rojas y Munuera Montero? Ser árbitro
50%
¿Qué nombre tenía la Copa del Rey en esa época? Copa del {Generalísimo}
45%
¿En qué año fue la primera disputa de La Liga? 1929
42%
La espanolización firmada por Ramón Serrano Suñer en 1940 exigió que los clubes cambiaran sus nombres. ¿Cómo se llamaba el Athletic Club debido a eso? Atlético de Bilbao
20%
¿Qué empezó a aparecer en los uniformes españoles en 1947 y 1948? Dorsales
19%
¿Cómo se llamó el torneo entre el Campeonato de Liga y la Copa entre 1946 y 1953? Copa Eva Duarte
8%
¿Cómo se llamó el primer club de fútbol femenino que existió en 1914? Spanish Girl's Club
2%
¿Qué portero es famoso por meter goles y es el primer en tener dos goles en el mismo partido? Nacho González
1%
No se encontraron pruebas coincidentes
Distribución de puntuación
Porcentaje de gente con cada puntuación
Porcentaje por número respondido
Historial de tus puntuaciones
No has intentado esta prueba.